| 000 | 00639nam a2200193 a 4500 | ||
|---|---|---|---|
| 001 | 000023273 | ||
| 005 | 20200930022114.0 | ||
| 008 | 101201s1984 mx r 000 0 spa d | ||
| 020 | _a9684092992 | ||
| 040 |
_aDO-SdBNP _bspa _cBNPHU |
||
| 082 |
_annnn _bM516h |
||
| 245 | 0 | 4 |
_aLas mejores historias cortas de 1983 : _bPremios O. Henry / _cintroducción de William Abrahams. |
| 260 |
_aMéxico, D. F. : _bAsociados Mexicanos, _c1984. |
||
| 300 |
_a202 p. ; _c19 cm. |
||
| 534 |
_pTítulo original en inglés: _tPrize stories the O. Henry awards 1983. |
||
| 586 | _aPresmios O. Henry | ||
| 700 | 1 |
_aAbrahams, William _947915 |
|
| 049 | _aBNGR | ||
| 999 |
_c22770 _d22770 |
||